005570000a2200193000450000500170000094200090001710000250002624500900005126000380014130000080017904000080018736500080019565000150020365000140021865000150023265000140024799900190026195200830028020120302052810.0 cBOOK a Westropp, Hodder M. a Primitive symbolism: As illustrated in Phallic Worship or the reproductive principle aNew Delhi:bKumar Brothers,c1970 a68p aENG bRs. aPhilosophy aSymbolism aPhallicism aReligions c341111d341108 00104070aIOSbIOSd2009-12-02l0pIOS-6768r2009-12-02 00:00:00w2009-12-02